01329nam a22003857a 450000100040000000500170000402000270002102000250004802000220007304000550009505000240015008200120017410000170018624500650020325000190026826000310028730000400031849000350035850500080039352001730040152100200057452100200059465000320061465000380064665000310068465000310071565000230074665000290076965000220079865000220082065000220084265500220086465500240088670000330091092620250218093020.0 a0061554170 (lib. bdg.) a9780061554155 (pbk.) a0061554154 (pbk.) aDLCcDLCdIG#dBTCTAdBIBdUKMdILCdJAOdDLCbeng00aPZ7.G9846bMkl 201000a3782221 aGutman, Dan.10aMiss Laney is zany! /cDan Gutman ; pictures by Jim Paillot. aFirst Edition. aNew York :bHarper,c2010. a104 pages :billustrations;c20 cm.0 aMy weird school daze ;vBook 8 aM  aWhen Ella Mentry School is threatened with closure due to budget cuts, A.J.'s new speech teacher, Miss Laney, comes up with a brilliant, if weird, plan to save the day.1 a530 bLexile 1 aM bRaz-Plus  0aTeachersvJuvenile fiction. 0aSpeech therapyvJuvenile fiction. 0aTheatervJuvenile fiction. 0aSchoolsvJuvenile fiction. 1aTeachersvFiction. 1aSpeech therapyvFiction. 1aTheatervFiction. 1aSchoolsvFiction. 1aHumorous stories. 0aHumorous stories. 0aChildren's stories.1 aPaillot, Jim,eillustrator.